000 00454nam a2200181Ia 4500
001 14942
005 20260306164951.0
008 260306t2017||||xx |||||||||||||| ||spa||
041 _aESP
082 _a519.5
_bS17
100 _aSalkind, Neil J.
_eAUT
245 0 _aStatistics for people who (think they) hate statistics
260 _c2017
300 _axxix, 519 páginas :
_c25 cm.
650 _aGEN
654 _aCMA
942 _cLIB
_dJUS
_fJUS
_2ddc
_n
999 _c14942
_d14942